| 000 | 01277nam a2200373 i 4500 | ||
|---|---|---|---|
| 001 | 41848 | ||
| 003 | KOSZ 005 | ||
| 005 | 20200214142453.0 | ||
| 008 | 020725s2001 pl f |000 0 pol d | ||
| 020 | _a8387297925 | ||
| 040 |
_cKOSZ 005 _aKOSZ 005 _dKOSZ 005/HR |
||
| 041 | 1 |
_apol _heng |
|
| 080 | _a004.438 | ||
| 080 | _a(07) | ||
| 100 | 1 |
_aSchildt, Herbert _d(1951- ) _eAutor |
|
| 245 | 1 | 0 |
_aJava 2 : _bkurs podstawowy / _cHerbert Schildt ; tł. Łukasz Cygan. |
| 260 |
_aKraków : _b"Edition 2000", _ccop. 2001. |
||
| 300 |
_aXVI, 581 s. ; _c24 cm. |
||
| 336 |
_2rdacontent _aTekst _btxt |
||
| 337 |
_2rdamedia _aBez urządzenia pośredniczacego _bn |
||
| 338 |
_2rdacarrier _aWolumin _bnc |
||
| 380 | _aKsiążki | ||
| 380 | _aPublikacje fachowe | ||
| 388 | _a1901-2000 | ||
| 490 | 1 | _aNiezbędnik Początkującego Programisty | |
| 504 | _aIndeks. | ||
| 650 | 7 | _aJava (język programowania) | |
| 655 | _aPodręcznik | ||
| 658 | _aInformatyka i technologie informacyjne | ||
| 830 | _aNiezbędnik Początkującego Programisty | ||
| 856 |
_uhttp://koha.tu.koszalin.pl/cgi-bin/koha/opac-detail.pl?biblionumber=41848 _yKatalog online BPK |
||
| 942 |
_cKS _2UKD |
||
| 999 |
_c41848 _d41848 |
||